MLB All-Time Leaders - Statistics

General Stats
  • This quiz has been taken 1,885 times
    1,876 since last reset
  • The average score is 25 of 40
Answer Stats
Hits Amount Answer % Correct
1 762* Barry Bonds
98%
5 1,996* Barry Bonds
98%
3 3,771 Hank Aaron
95%
2 755 Hank Aaron
95%
1 2,297 Hank Aaron
95%
3 714 Babe Ruth
94%
2 2,214 Babe Ruth
94%
1 4,256 Pete Rose
94%
1 5,714 Nolan Ryan
90%
4 687* Alex Rodriguez
85%
4 2,055* Alex Rodriguez
85%
2 4,875 Randy Johnson
84%
2 4,189 Ty Cobb
83%
8 1,933 Ty Cobb
83%
9 3,509 Walter Johnson
83%
8 609* Sammy Sosa
80%
5 660 Willy Mays
79%
10 583* Mark McGwire
76%
3 4,672* Roger Clemens
72%
6 3,465 Derek Jeter
68%
6 630 Ken Griffey Jr.
68%
7 612 Jim Thome
63%
4 3,630 Stan Musial
57%
7 1,951 Stan Musial
57%
9 586 Frank Robinson
53%
10 3,371 Greg Maddux
52%
6 1,995 Lou Gehrig
49%
4 4,136 Steve Carlton
46%
6 3,640 Tom Seaver
46%
8 3,420 Honus Wagner
45%
9 3,419 Carl Yastrzemski
36%
5 3,514 Tris Speaker
36%
7 3,435 Cap Anson
29%
3 2,075 Cap Anson
29%
9 1,922 Jimmie Foxx
29%
10 3,319 Paul Molitor
29%
5 3,701 Bert Blyleven
27%
10 1,917 Eddie Murray
24%
7 3,574 Don Sutton
21%
8 3,534 Gaylord Perry
20%
No matching quizzes found
Score Distribution
Percent of People with Each Score
Percentile by Number Answered
Your Score History
You have not taken this quiz since the last reset